00306pam a2200097 a 4500020000500000041000800005082001500013100005500028245006300083260006200146 c aeng a336.2bICA athe institute of chartered Accountants of india . adirect Tax Laws monule -1 Final course hTextual Documents a[s.l]:bthe institute of chartered Accountants of india